Dynamic analysis of spur gear transmissions (DANST) : PC version 3.00 user manual /

Bibliographic Details
Main Authors: Oswald, Fred B. (Author), Lin, Hsiang H. (Author), Delgado, Irebert R. (Author)
Corporate Authors: U.S. Army Research Laboratory (sponsoring body.), United States. National Aeronautics and Space Administration (sponsoring body.)
Format: Government Document eBook
Language:English
Published: Cleveland, Ohio : Adelphi, Maryland : National Aeronautics and Space Administration, Lewis Research Center ; U.S. Army Research Laboratory, August 1996.
Series:NASA technical memorandum ; 107291.
ARL-TR (Aberdeen Proving Ground, Md.) ; 1189.
Subjects:
Online Access:https://purl.fdlp.gov/GPO/gpo70049

MARC

Tag First Indicator Second Indicator Subfields
LEADER 00000cam a2200000Ii 4500
001 in00003718708
005 20211120174625.0
006 m o d f
007 cr bn|||||||||
008 080512e199608 ohua obt f000 0 eng d
035 |a (OCoLC)ocn227829931 
040 |a DTICE  |b eng  |e rda  |e pn  |c DTICE  |d OCLCQ  |d GPO  |d MvI  |d UtOrBLW 
049 |a WWW 
074 |a 0830-D (online) 
086 0 |a NAS 1.15:107291 
100 1 |a Oswald, Fred B.,  |e author.  |0 http://id.loc.gov/authorities/names/no2001100311 
245 1 0 |a Dynamic analysis of spur gear transmissions (DANST) :  |b PC version 3.00 user manual /  |c Fred B. Oswald, Hsiang Hsi Lin, Irebert R. Delgado. 
264 1 |a Cleveland, Ohio :  |b National Aeronautics and Space Administration, Lewis Research Center ;  |a Adelphi, Maryland :  |b U.S. Army Research Laboratory,  |c August 1996. 
300 |a 1 online resource (13 pages) :  |b illustrations. 
336 |a text  |b txt  |2 rdacontent 
337 |a computer  |b c  |2 rdamedia 
338 |a online resource  |b cr  |2 rdacarrier 
490 1 |a NASA technical memorandum ;  |v 107291 
490 1 |a Army Research Laboratory technical report ;  |v ARL-TR-1189 
500 |a Title from title screen (viewed July 20, 2016). 
500 |a "August 1996." 
500 |a "Performing organization: NASA Lewis Research Center and Vehicle Propulsion Directorate, U.S. Army Research Laboratory"--Report documentation page. 
504 |a Includes bibliographical references (pages 12-13). 
536 |a Sponsored by the National Aeronautics and Space Administration and U.S. Army Research Laboratory  |d WU-505-62-36  |d 1L162211A47A  |d E-10367 
650 7 |a Gears.  |2 nasat 
650 7 |a Transmissions (machine elements)  |2 nasat 
650 7 |a Computer programs.  |2 nasat 
650 7 |a User manuals (computer programs)  |2 nasat 
650 7 |a Dynamic loads.  |2 nasat 
700 1 |a Lin, Hsiang H.,  |e author. 
700 1 |a Delgado, Irebert R.,  |e author. 
710 2 |a Lewis Research Center,  |e issuing body.  |0 http://id.loc.gov/authorities/names/n80126316 
710 2 |a U.S. Army Research Laboratory,  |e sponsoring body.  |0 http://id.loc.gov/authorities/names/no93023636 
710 1 |a United States.  |b National Aeronautics and Space Administration,  |e sponsoring body.  |0 http://id.loc.gov/authorities/names/n78087581 
776 0 8 |i Print version:  |t Dynamic Analysis Of Spur Gear Transmissions (DANST) ... NASA-TM-107291 ... Mar. 14, 1997  |w (OCoLC)62405589 
776 0 8 |i Microfiche version:  |a Oswald, Fred B.  |t Dynamic analysis of spur gear transmissions (DANST)  |w (OCoLC)39669177 
830 0 |a NASA technical memorandum ;  |v 107291.  |0 http://id.loc.gov/authorities/names/n83707893 
830 0 |a ARL-TR (Aberdeen Proving Ground, Md.) ;  |v 1189.  |0 http://id.loc.gov/authorities/names/no2002086127 
856 4 0 |u https://purl.fdlp.gov/GPO/gpo70049  |t 0 
999 f f |s af44e7e5-c3b6-3828-ada9-eb489322091a  |i 8faea486-235e-34dc-b613-4870cee3aece  |t 0 
952 f f |a Texas A&M University  |b College Station  |c Electronic Resources  |d Available Online  |t 0  |e NAS 1.15:107291  |h Superintendent of Documents classification 
998 f f |a NAS 1.15:107291  |t 0  |l Available Online